| 000 | 00618nam a22002297a 4500 | ||
|---|---|---|---|
| 003 | UA-OsUOA | ||
| 001 | 39220 | ||
| 007 | ta | ||
| 008 | 20060613b un ||||| |||| 00| 0 ukr d | ||
| 100 | _aМигицко В.Г. | ||
| 090 |
_a821.161.1 _bМ57 |
||
| 942 | _cBK | ||
| 040 |
_aUA-OsUOA _brus _cUA-OsUOA _dUA-OsUOA |
||
| 245 |
_aДвадцать метров ожидания _bРассказы |
||
| 300 | _a160 с. | ||
| 955 | _a3 | ||
| 041 | _arus | ||
| 080 | _a821.161.1 | ||
| 260 |
_aК. _bМолодь _c1988 |
||
| 650 | 7 |
_a82 Література. Літературознавство _2UDC |
|
| 999 |
_c325367 _d325367 |
||